000 01023pam a2200289 a 4500
001 3872880
003 NUST - PNEC
005 20170116180829.0
008 890523s1990 nyua b 001 0 eng
010 _a 89034950
020 _a0023905611
020 _a0029465095
040 _aDLC
_cLIBRARY
_dDLC
050 0 0 _aQA331.7
_b.P34 1990
082 0 0 _a515.9 PAL
_220
100 1 _aPaliouras, John D.
245 1 0 _aComplex variables for scientists and engineers /
_cJohn D. Paliouras, Douglas S. Meadows.
250 _a2nd ed.
260 _aNew York :
_bMacmillan Pub. Co. ;
_aLondon :
_bCollier Macmillan,
_cc1990.
300 _axiii, 586 p. :
_bill. ;
_c25 cm.
504 _aIncludes bibliographical references (p. 555-556) and index.
650 0 _aFunctions of complex variables.
_xME
700 1 _aMeadows, Douglas S.
906 _a7
_bcbc
_corignew
_d1
_eocip
_f19
_gy-gencatlg
942 _2ddc
_cBK
999 _c63977
_d63977